[Event "79th Tata Steel GpB"]
[Site "Wijk aan Zee NED"]
[Date "2017.01.15"]
[Round "2.1"]
[White "Lei, Tingjie"]
[Black "Ragger, Markus"]
[Result "0-1"]
[WhiteTitle "WGM"]
[BlackTitle "GM"]
[WhiteElo "2467"]
[BlackElo "2697"]
[WhiteFideId "8605114"]
[BlackFideId "1610856"]
[EventDate "2017.01.14"]

1. d4 Nf6 2. c4 g6 3. g3 c5 4. d5 b5 5. cxb5 a6 6. bxa6 d6 7. Nc3 Bg7 8. Bg2
Nbd7 9. Nf3 Nb6 10. O-O O-O 11. Nd2 Bxa6 12. Qc2 Bb7 13. e4 Ba6 14. Rd1 Ng4 15.
Nf3 Nc4 16. h3 Nge5 17. Nxe5 Nxe5 18. b3 Qa5 19. Bd2 Bd3 20. Qc1 Rfc8 21. f4 Nd7
22. Na4 Qa7 23. Be3 Qa6 24. Nb2 c4 25. bxc4 Bxc4 26. Qd2 Bxa2 27. e5 Qb5 28.
Rdc1 Bb3 29. Rxa8 Rxa8 30. Nd1 Rd8 31. exd6 exd6 32. Bd4 Bxd4+ 33. Qxd4 Bxd1 34.
Qxd1 Nc5 35. Rb1 Qc4 36. Qd2 Ra8 37. Rc1 Qb3 38. Rc3 Qb4 39. Rc2 Ra1+ 40. Kh2
Qb1 41. Qf2 Qe1 42. Qxe1 Rxe1 43. Bf3 Re3 44. Kg2 Nd3 45. Rc8+ Kg7 46. Bd1 Nb4
47. Rc4 Nxd5 48. Rd4 Ne7 49. g4 d5 50. Bf3 Re6 51. Kf2 Rc6 52. Ke3 Rc5 53. Kd2
Ra5 54. Ke3 h6 55. Rd3 g5 56. f5 Kf6 57. Rb3 Ra6 58. Rb7 h5 59. Ke2 Rd6 60. Rc7
hxg4 61. hxg4 Nc6 62. Kd2 Ne5 63. Bd1 Rc6 64. Ra7 Nc4+ 65. Ke2 Rb6 66. Bc2 Ne5
67. Ra4 Nc6 68. Ke3 Rb2 69. Bd1 Ke5 70. Ra8 d4+ 71. Kd3 Rb8 72. Ra3 Kf4 73. Ra4
Rd8 74. Kd2 Ne5 75. Ra7 Rd6 76. Re7 Rd7 77. Rxd7 Nxd7 78. Kd3 Ke5 79. Bf3 f6 80.
Kc4 Nb6+ 81. Kc5 Na4+ 82. Kc4 Nb2+ 83. Kb3 Nd3 84. Kc4 Nf2 0-1

[Event "79th Tata Steel GpB"]
[Site "Wijk aan Zee NED"]
[Date "2017.01.16"]
[Round "3.1"]
[White "L'Ami, Erwin"]
[Black "Xiong, Jeffery"]
[Result "1/2-1/2"]
[WhiteTitle "GM"]
[BlackTitle "GM"]
[WhiteElo "2605"]
[BlackElo "2667"]
[WhiteFideId "1007998"]
[BlackFideId "2047640"]
[EventDate "2017.01.14"]

1. d4 d5 2. c4 dxc4 3. e3 e5 4. Bxc4 exd4 5. exd4 Bd6 6. Nf3 Nf6 7. Qe2+ Qe7 8.
Qxe7+ Bxe7 9. O-O Nbd7 10. Re1 Nb6 11. Bb3 Nfd5 12. Nc3 c6 13. a4 a5 14. Bd2 Be6
15. Ng5 Bxg5 16. Bxg5 h6 17. Bd2 Nc7 18. Bf4 O-O-O 19. Bxc7 Kxc7 20. Bxe6 fxe6
21. Rad1 Rhe8 22. f4 Re7 23. g3 Red7 24. Re4 Rd6 25. Kf2 Nd7 26. Re2 Nb6 27. Re4
Nd7 28. Re2 Nb6 29. Re4 Nd7 1/2-1/2

[Event "79th Tata Steel GpB"]
[Site "Wijk aan Zee NED"]
[Date "2017.01.16"]
[Round "3.2"]
[White "Bok, Benjamin"]
[Black "Dobrov, Vladimir"]
[Result "0-1"]
[WhiteTitle "GM"]
[BlackTitle "GM"]
[WhiteElo "2608"]
[BlackElo "2499"]
[WhiteFideId "1017063"]
[BlackFideId "4136594"]
[EventDate "2017.01.14"]

1. e4 c5 2. Nf3 Nc6 3. Bb5 e6 4. Bxc6 bxc6 5. b3 f6 6. O-O Ne7 7. Nh4 d5 8. Nc3
g5 9. Qh5+ Kd7 10. Nf3 Qe8 11. Qxe8+ Kxe8 12. d3 Ba6 13. Re1 Kf7 14. Na4 Nc8 15.
Ba3 Nb6 16. Nxc5 Nd7 17. Nxa6 Bxa3 18. Rab1 g4 19. Nd4 Nc5 20. Nxc5 Bxc5 21.
Nxc6 Rhc8 22. exd5 exd5 23. b4 Bxf2+ 24. Kxf2 Rxc6 25. Re2 h5 26. Kg3 Rb8 27.
Rb3 Kg6 28. Kf4 d4 29. h3 gxh3 30. gxh3 Rb5 31. a4 Rg5 32. Rb1 h4 33. Rbe1 a6
34. Rb1 Rf5+ 35. Kg4 Rc8 36. b5 Rh8 37. b6 Rhh5 38. Re4 Rf2 39. Rf4 Rg5+ 0-1

[Event "79th Tata Steel GpB"]
[Site "Wijk aan Zee NED"]
[Date "2017.01.16"]
[Round "3.3"]
[White "Van Foreest, Jorden"]
[Black "Lei, Tingjie"]
[Result "0-1"]
[WhiteTitle "GM"]
[BlackTitle "WGM"]
[WhiteElo "2612"]
[BlackElo "2467"]
[WhiteFideId "1039784"]
[BlackFideId "8605114"]
[EventDate "2017.01.14"]

1. e4 c6 2. c4 d5 3. e5 dxc4 4. Bxc4 Qd4 5. Qe2 Bg4 6. f3 Bh5 7. Nc3 e6 8. Qe4
Qxe4+ 9. Nxe4 Nd7 10. d4 Bg6 11. Ne2 Bxe4 12. fxe4 a6 13. Bf4 Ne7 14. b4 a5 15.
bxa5 Rxa5 16. Bd2 Ra8 17. Kf2 Ng6 18. a4 c5 19. d5 Ngxe5 20. dxe6 Nxc4 21. exd7+
Kxd7 22. Bc3 f6 23. Rhc1 Bd6 24. Rab1 Rhb8 25. Ra1 Ra6 26. Ng3 Rba8 27. Rab1
R8a7 28. a5 Nxa5 29. Nf5 Bf8 30. Ne3 Nc6 31. Rd1+ Ke6 32. Nd5 Bd6 33. Kg1 Ra2
34. Nb6 Bf4 35. Nd5 Bd6 36. Nb6 Ne7 37. Rd3 Rc2 38. Rbd1 Bc7 39. Nd7 c4 40. Rf3
Raa2 41. Bxf6 Bb6+ 42. Kh1 Rd2 43. Nf8+ Kd6 44. Rb1 Nc8 45. Bh4 Bd4 46. Rf7 Rab2
47. Rc1 Be5 48. Rd7+ Kc5 49. Be1 Rdc2 50. Rdd1 Rxc1 51. Rxc1 Kb5 52. Nd7 Bd4 53.
h4 Ne7 54. e5 Re2 55. Rd1 c3 56. Rb1+ Rb2 57. Rc1 c2 58. Bd2 Rb1 59. Kh2 Rxc1
60. Bxc1 Kc6 61. e6 Kd5 62. Kg3 Ke4 63. Ba3 Nf5+ 64. Kh3 b5 65. g4 Ne7 0-1

[Event "79th Tata Steel GpB"]
[Site "Wijk aan Zee NED"]
[Date "2017.01.16"]
[Round "3.4"]
[White "Smirin, Ilia"]
[Black "Jones, Gawain C B"]
[Result "1-0"]
[WhiteTitle "GM"]
[BlackTitle "GM"]
[WhiteElo "2667"]
[BlackElo "2665"]
[WhiteFideId "2801990"]
[BlackFideId "409561"]
[EventDate "2017.01.14"]

1. e4 e5 2. Nf3 Nc6 3. Bb5 a6 4. Ba4 Nf6 5. d3 b5 6. Bb3 Bc5 7. O-O d6 8. a4 Rb8
9. axb5 axb5 10. Be3 Bxe3 11. fxe3 O-O 12. Nc3 Ne7 13. Nd5 Nfxd5 14. Bxd5 c6 15.
Bb3 Ng6 16. Qe1 c5 17. Ra7 c4 18. dxc4 Qb6 19. Ra5 bxc4 20. Bxc4 Be6 21. Ra6
Qxb2 22. Bxe6 fxe6 23. Qe2 Qb4 24. c4 Qc5 25. Kh1 Rb3 26. Re1 Qb4 27. Rd1 Rd8
28. Ng5 Rb1 29. h3 Nf8 30. Ra7 h6 31. Qf3 Rxd1+ 32. Kh2 Nd7 33. Qf7+ Kh8 34.
Rxd7 Rg8 35. Qxg8+ Kxg8 36. Rd8# 1-0

[Event "79th Tata Steel GpB"]
[Site "Wijk aan Zee NED"]
[Date "2017.01.16"]
[Round "3.7"]
[White "Tari, Aryan"]
[Black "Lu, Shanglei"]
[Result "0-1"]
[WhiteTitle "GM"]
[BlackTitle "GM"]
[WhiteElo "2584"]
[BlackElo "2612"]
[WhiteFideId "1510045"]
[BlackFideId "8603332"]
[EventDate "2017.01.14"]

1. e4 c5 2. Nf3 d6 3. d4 cxd4 4. Nxd4 Nf6 5. Nc3 a6 6. h3 e6 7. g4 h6 8. Bg2 Be7
9. Be3 Nc6 10. f4 Nd7 11. O-O Nxd4 12. Qxd4 O-O 13. Qd2 Rb8 14. Ne2 b5 15. Ng3
Bb7 16. f5 Ne5 17. b3 Rc8 18. Nh5 Bg5 19. Rae1 Bxe3+ 20. Rxe3 Qg5 21. Nf4 exf5
22. gxf5 Rfe8 23. Qf2 h5 24. h4 Qh6 25. Bh3 Ng4 26. Bxg4 hxg4 27. Rfe1 g3 28.
Rxg3 Rxe4 29. Rxe4 Bxe4 30. c3 Rc5 31. Rg5 Rxf5 32. Rxf5 Bxf5 33. Qg3 Bb1 34. a3
Qf6 35. Nd5 Qe6 36. c4 bxc4 37. bxc4 Be4 38. Ne3 Qe5 39. Nf1 Qc5+ 40. Qe3 Qxc4
41. Ng3 Bc6 0-1

[Event "79th Tata Steel GpB"]
[Site "Wijk aan Zee NED"]
[Date "2017.01.17"]
[Round "4.1"]
[White "Lu, Shanglei"]
[Black "Bok, Benjamin"]
[Result "1-0"]
[WhiteTitle "GM"]
[BlackTitle "GM"]
[WhiteElo "2612"]
[BlackElo "2608"]
[WhiteFideId "8603332"]
[BlackFideId "1017063"]
[EventDate "2017.01.14"]

1. e4 c5 2. Nf3 d6 3. d4 cxd4 4. Nxd4 Nf6 5. Nc3 a6 6. h3 e5 7. Nb3 Be7 8. Be3
Be6 9. Qf3 O-O 10. O-O-O b5 11. g4 b4 12. Nd5 Nxd5 13. exd5 Bc8 14. Kb1 a5 15.
Nc5 a4 16. Ne4 Nd7 17. Rg1 Bb7 18. g5 Ra5 19. Bc4 Qc7 20. Rg4 Rc8 21. b3 Ba6 22.
Rdg1 Bxc4 23. Nf6+ Bxf6 24. Rxc4 Qb7 25. gxf6 g6 26. Rgg4 axb3 27. cxb3 Rca8 28.
Rxb4 Qa6 29. a4 Qd3+ 30. Kb2 Rc5 31. Rgc4 Rxc4 32. Rxc4 Nc5 33. Rb4 Rc8 34. Qg4
Rf8 35. Qc4 Qf5 36. Rb6 Nd3+ 37. Ka3 e4 38. Bd4 Qxh3 39. a5 Qf1 40. a6 Qe1 41.
b4 Ra8 42. Rc6 h5 43. Rc8+ Rxc8 44. Qxc8+ Kh7 45. Qc3 Qb1 46. a7 Ne1 47. a8=Q
Nc2+ 48. Qxc2 Qxc2 49. Qf8 Qd3+ 50. Ka4 Qa6+ 51. Kb3 Qd3+ 52. Bc3 1-0

[Event "79th Tata Steel GpB"]
[Site "Wijk aan Zee NED"]
[Date "2017.01.17"]
[Round "4.3"]
[White "Grandelius, Nils"]
[Black "Xiong, Jeffery"]
[Result "0-1"]
[WhiteTitle "GM"]
[BlackTitle "GM"]
[WhiteElo "2642"]
[BlackElo "2667"]
[WhiteFideId "1710400"]
[BlackFideId "2047640"]
[EventDate "2017.01.14"]

1. e4 d5 2. exd5 Qxd5 3. Nc3 Qd6 4. d4 Nf6 5. Bg5 g6 6. Qd2 Bg7 7. O-O-O O-O 8.
Bh6 Bxh6 9. Qxh6 Nc6 10. Nf3 Bg4 11. Be2 Rfd8 12. d5 Nb8 13. h3 Bxf3 14. Bxf3
Nbd7 15. h4 Ne5 16. h5 Nc4 17. Rd4 Qb4 18. Rxc4 Qxc4 19. hxg6 fxg6 20. Ne4 Rd7
21. Ng5 Qf4+ 22. Kb1 Rad8 23. g3 Qd2 24. c4 e6 25. Ka1 exd5 26. cxd5 Rxd5 27.
Bxd5+ Rxd5 0-1

[Event "79th Tata Steel GpB"]
[Site "Wijk aan Zee NED"]
[Date "2017.01.17"]
[Round "4.4"]
[White "Lei, Tingjie"]
[Black "L'Ami, Erwin"]
[Result "0-1"]
[WhiteTitle "WGM"]
[BlackTitle "GM"]
[WhiteElo "2467"]
[BlackElo "2605"]
[WhiteFideId "8605114"]
[BlackFideId "1007998"]
[EventDate "2017.01.14"]

1. d4 Nf6 2. c4 e6 3. g3 c5 4. d5 exd5 5. cxd5 d6 6. Nc3 g6 7. Bg2 Bg7 8. Nf3
O-O 9. O-O Re8 10. Bf4 h6 11. Qc1 g5 12. Bd2 Bf5 13. h4 g4 14. Nh2 h5 15. Bg5
Nbd7 16. Qf4 Bg6 17. Qxd6 Re5 18. f4 Rxg5 19. fxg5 Ne8 20. Qf4 Be5 21. Qf2 Nd6
22. Rfd1 b5 23. e3 b4 24. Ne2 Bxb2 25. Rab1 Be5 26. Nf4 a5 27. Bf1 Bxf4 28. gxf4
c4 29. Rbc1 c3 30. Bg2 Nc5 31. Nf1 Nce4 32. Qe1 a4 33. Rd4 Rb8 34. Bxe4 Nxe4 35.
Rxe4 Bxe4 36. Ng3 Qxd5 37. Nxh5 Rb6 38. a3 Qa2 39. Qf1 b3 40. f5 b2 41. Rxc3
b1=Q 0-1

[Event "79th Tata Steel GpB"]
[Site "Wijk aan Zee NED"]
[Date "2017.01.17"]
[Round "4.6"]
[White "Jones, Gawain C B"]
[Black "Tari, Aryan"]
[Result "1-0"]
[WhiteTitle "GM"]
[BlackTitle "GM"]
[WhiteElo "2665"]
[BlackElo "2584"]
[WhiteFideId "409561"]
[BlackFideId "1510045"]
[EventDate "2017.01.14"]

1. d4 Nf6 2. Nf3 g6 3. Nc3 d5 4. Bf4 Bg7 5. Qd2 O-O 6. Bh6 Ne4 7. Qe3 Nxc3 8.
Bxg7 Kxg7 9. Qxc3 Bf5 10. e3 Qd6 11. O-O-O Nd7 12. Nh4 Be6 13. f4 f5 14. h3 Nf6
15. Bd3 b5 16. Nf3 b4 17. Qc5 Nd7 18. Qxd6 exd6 19. Ng5 Bg8 20. g4 c5 21. c3
bxc3 22. bxc3 Nb6 23. gxf5 gxf5 24. Nf3 Kf6 25. Rhg1 Be6 26. Rg5 Na4 27. Rh5
Nxc3 28. Rg1 Rg8 29. Ng5 Bf7 30. Rxh7 Bg6 31. Rd7 Rgd8 32. Nh7+ Bxh7 33. Rxh7
Rg8 34. Rh6+ Ke7 35. Rg5 Ne4 36. Bxe4 dxe4 37. dxc5 Rac8 38. Rxg8 Rxg8 39. cxd6+
Kd7 40. a4 Rg2 41. Kd1 Ra2 42. Rh5 Kxd6 43. Rxf5 Ra3 44. Kd2 Ra2+ 45. Ke1 Ra3
46. Kf2 Ra2+ 47. Kg3 Ra3 48. Re5 Rxe3+ 49. Kg4 Re1 50. h4 Rg1+ 51. Kf5 Rh1 52.
Kxe4 Rxh4 53. Ra5 Rh7 54. Ra6+ Kc5 55. Ke5 Re7+ 56. Kf6 Rb7 57. f5 1-0

[Event "79th Tata Steel GpB"]
[Site "Wijk aan Zee NED"]
[Date "2017.01.17"]
[Round "4.7"]
[White "Dobrov, Vladimir"]
[Black "Ragger, Markus"]
[Result "0-1"]
[WhiteTitle "GM"]
[BlackTitle "GM"]
[WhiteElo "2499"]
[BlackElo "2697"]
[WhiteFideId "4136594"]
[BlackFideId "1610856"]
[EventDate "2017.01.14"]

1. c4 c5 2. Nf3 Nf6 3. Nc3 d5 4. cxd5 Nxd5 5. g3 Nc6 6. Bg2 g6 7. h4 Bg7 8. h5
Bf5 9. Nh4 Nxc3 10. bxc3 Be6 11. Rb1 Qd7 12. Qa4 Rc8 13. Nf3 Bf5 14. Rb2 b6 15.
hxg6 hxg6 16. Rxh8+ Bxh8 17. Ng5 Ne5 18. Qh4 Bg7 19. a4 f6 20. Qh7 Kf8 21. Nf3
Nxf3+ 22. Bxf3 g5 23. Qh5 Qxa4 24. Bd5 e6 25. Ra2 Qd7 26. Bc4 Ke7 27. Bb5 Qc7
28. Qf3 g4 29. Qg2 a5 30. d3 Bg6 31. Bf4 e5 32. Be3 Bf7 33. Ra4 Be6 34. Kd2 Kf7
35. f3 Qb7 36. Qh1 Rh8 37. Qg2 Bh6 38. Bxh6 Rxh6 39. Ra1 Kg7 40. Qf2 gxf3 41.
exf3 Qa8 42. f4 Qh8 43. Rg1 Bd5 44. Qe3 Rh2+ 45. Kc1 Ra2 0-1

[Event "79th Tata Steel GpB"]
[Site "Wijk aan Zee NED"]
[Date "2017.01.19"]
[Round "5.1"]
[White "Van Foreest, Jorden"]
[Black "Dobrov, Vladimir"]
[Result "1-0"]
[WhiteTitle "GM"]
[BlackTitle "GM"]
[WhiteElo "2612"]
[BlackElo "2499"]
[WhiteFideId "1039784"]
[BlackFideId "4136594"]
[EventDate "2017.01.14"]

1. e4 c6 2. d4 d5 3. e5 Bf5 4. Nf3 e6 5. Be2 Ne7 6. O-O h6 7. a4 Nd7 8. a5 g5 9.
Nbd2 f6 10. exf6 Ng6 11. Ne1 e5 12. c4 Qxf6 13. cxd5 cxd5 14. a6 b6 15. dxe5
Ndxe5 16. Ndf3 Be4 17. Nxe5 Qxe5 18. Bb5+ Kf7 19. Nd3 Qf6 20. Bd2 Bd6 21. Re1
Qf5 22. Bc3 Rhd8 23. f3 d4 24. Bc4+ Bd5 25. g4 Bxh2+ 26. Kxh2 Qd7 27. Bxd5+ Qxd5
28. Bb4 h5 29. Rc1 Re8 30. Qc2 hxg4 31. Qc7+ Kg8 32. Qc4 Qxc4 33. Rxc4 Nh4 34.
Rxe8+ Rxe8 35. fxg4 Re3 36. Nc1 Re4 37. Kg3 Rf4 38. Rc8+ Kh7 39. Rc7+ Kg6 40.
Rc6+ Kf7 41. Rc7+ Kg6 42. Rxa7 Rf3+ 43. Kh2 Rf2+ 44. Kg1 Rxb2 45. Nd3 Ra2 46.
Ra8 Nf3+ 47. Kf1 Nh2+ 48. Ke1 Nxg4 49. a7 Nf6 50. Be7 Ra1+ 51. Ke2 Ra2+ 52. Kd1
Ra1+ 53. Kc2 Nd5 54. Rg8+ Kf5 55. a8=Q Rxa8 56. Rxa8 Nxe7 57. Rf8+ Kg4 58. Ne5+
Kh3 59. Kd3 1-0

[Event "79th Tata Steel GpB"]
[Site "Wijk aan Zee NED"]
[Date "2017.01.19"]
[Round "5.2"]
[White "Xiong, Jeffery"]
[Black "Lei, Tingjie"]
[Result "1-0"]
[WhiteTitle "GM"]
[BlackTitle "WGM"]
[WhiteElo "2667"]
[BlackElo "2467"]
[WhiteFideId "2047640"]
[BlackFideId "8605114"]
[EventDate "2017.01.14"]

1. d4 d5 2. c4 c6 3. Nf3 Nf6 4. e3 Bg4 5. h3 Bh5 6. Nc3 e6 7. Qb3 Qb6 8. Ne5
Nfd7 9. Nd3 Bg6 10. Qd1 f6 11. Be2 Bf7 12. b3 Be7 13. O-O O-O 14. Bb2 Rd8 15.
Na4 Qc7 16. cxd5 exd5 17. Bh5 Bxh5 18. Qxh5 Nf8 19. Rfe1 Bd6 20. b4 Nbd7 21. b5
Qa5 22. Nc3 Nb6 23. Rab1 Na4 24. Nxa4 Qxa4 25. bxc6 bxc6 26. Rec1 Rab8 27. Qe2
Nd7 28. e4 dxe4 29. Qxe4 Qxa2 30. Qxc6 Nb6 31. Ra1 Qf7 32. Qf3 Nd5 33. Ba3 Bxa3
34. Rxa3 Nb4 35. Qg3 Nxd3 36. Rxd3 Rb7 37. d5 Rbd7 38. d6 a5 39. Rc7 a4 40. Rd4
Qb3 41. Rxd7 Rxd7 42. Qg4 Rd8 43. Rxa4 h5 44. Qd4 Qe6 45. Ra6 Rd7 46. Qd1 Qe5
47. h4 Kf7 48. g3 g6 49. Qa4 Rxd6 50. Ra7+ Ke6 51. Qc4+ Kf5 52. Qc2+ Kg4 53. Kh2
Rd4 54. f3+ Kxf3 55. Ra3+ 1-0

[Event "79th Tata Steel GpB"]
[Site "Wijk aan Zee NED"]
[Date "2017.01.19"]
[Round "5.4"]
[White "Ragger, Markus"]
[Black "Lu, Shanglei"]
[Result "1/2-1/2"]
[WhiteTitle "GM"]
[BlackTitle "GM"]
[WhiteElo "2697"]
[BlackElo "2612"]
[WhiteFideId "1610856"]
[BlackFideId "8603332"]
[EventDate "2017.01.14"]

1. e4 c5 2. Nf3 d6 3. d4 cxd4 4. Nxd4 Nf6 5. Nc3 a6 6. h3 e5 7. Nde2 b5 8. Ng3
Nbd7 9. a4 b4 10. Nd5 Bb7 11. Bc4 Rc8 12. Nxf6+ Nxf6 13. Qd3 Qb6 14. a5 Qa7 15.
Bg5 Be7 16. O-O O-O 17. b3 d5 18. Nf5 Bd8 19. exd5 Bxd5 20. Bxd5 Nxd5 21. Bh6
Nf4 22. Qe4 Bf6 23. Nxg7 Qd4 24. Qxd4 exd4 25. Bxf4 Kxg7 26. Ra4 Rxc2 27. Rxb4
Ra2 28. Bc7 Rc8 29. Bb6 Rd2 30. Rc4 Rxc4 31. bxc4 Rc2 32. c5 d3 33. Rd1 1/2-1/2

[Event "79th Tata Steel GpB"]
[Site "Wijk aan Zee NED"]
[Date "2017.01.19"]
[Round "5.5"]
[White "Bok, Benjamin"]
[Black "Jones, Gawain C B"]
[Result "0-1"]
[WhiteTitle "GM"]
[BlackTitle "GM"]
[WhiteElo "2608"]
[BlackElo "2665"]
[WhiteFideId "1017063"]
[BlackFideId "409561"]
[EventDate "2017.01.14"]

1. d4 Nf6 2. c4 g6 3. Nc3 Bg7 4. e4 O-O 5. Be3 d6 6. f3 c5 7. Nge2 Qa5 8. Nc1
cxd4 9. Nb3 Qc7 10. Nxd4 Nc6 11. Be2 Nxd4 12. Bxd4 Be6 13. b3 Nd7 14. O-O Rfc8
15. Kh1 Bxd4 16. Qxd4 Qc5 17. Qd2 Nf6 18. Rac1 Bd7 19. Rfd1 Bc6 20. Bf1 a5 21.
Qd4 Nd7 22. g3 Qh5 23. Bg2 Re8 24. Qe3 Qc5 25. Qxc5 Nxc5 26. Rb1 Red8 27. Kg1 f5
28. exf5 gxf5 29. Rd2 Kf7 30. Rbd1 h5 31. h4 Rg8 32. Kf2 Rg6 33. Bh3 Rag8 34.
Ne2 Rf6 35. Rb1 e5 36. a3 e4 37. b4 Re8 38. Rd4 exf3 39. Nc3 axb4 40. axb4 Ne4+
41. Nxe4 fxe4 42. Ke3 Ra8 43. Rdd1 Ra3+ 44. Kd4 e3 45. Rd3 Rxd3+ 46. Kxd3 e2 47.
Ke3 b5 48. g4 hxg4 49. Bxg4 bxc4 50. b5 Bxb5 51. Bxf3 c3 52. Bxe2 Re6+ 53. Kd4
Bxe2 54. Kxc3 Re5 55. Kd4 Ke6 56. Rb8 Bh5 57. Rg8 Ra5 0-1

[Event "79th Tata Steel GpB"]
[Site "Wijk aan Zee NED"]
[Date "2017.01.19"]
[Round "5.7"]
[White "Smirin, Ilia"]
[Black "Grandelius, Nils"]
[Result "1/2-1/2"]
[WhiteTitle "GM"]
[BlackTitle "GM"]
[WhiteElo "2667"]
[BlackElo "2642"]
[WhiteFideId "2801990"]
[BlackFideId "1710400"]
[EventDate "2017.01.14"]

1. e4 c5 2. Nf3 d6 3. d4 cxd4 4. Nxd4 Nf6 5. Nc3 a6 6. Be2 e6 7. O-O Be7 8. f4
O-O 9. Be3 Nc6 10. Kh1 Qc7 11. Qe1 Nxd4 12. Bxd4 b5 13. a3 Bb7 14. Qg3 g6 15.
Bf3 Rad8 16. f5 e5 17. Be3 Kh8 18. Bg5 gxf5 19. exf5 Rg8 20. Bxb7 Qxb7 21. Qh4
Ne8 22. f6 Bf8 23. Rf5 Rc8 24. Qh3 a5 25. Be3 Rc4 26. Raf1 Rh4 27. Qf3 Qxf3 28.
R5xf3 Rc4 29. R3f2 Nc7 30. Rd1 Rgg4 31. h3 Rg3 32. Bb6 b4 33. axb4 axb4 34. Bxc7
bxc3 35. Bxd6 Bxd6 36. Rxd6 cxb2 37. Rb6 h6 38. Rxb2 Rgc3 39. Rb8+ Kh7 40. Rf8
Rc7 41. Re2 Rxc2 42. Rxe5 Rf2 43. Re7 1/2-1/2

[Event "79th Tata Steel GpB"]
[Site "Wijk aan Zee NED"]
[Date "2017.01.20"]
[Round "6.1"]
[White "Smirin, Ilia"]
[Black "Tari, Aryan"]
[Result "0-1"]
[WhiteTitle "GM"]
[BlackTitle "GM"]
[WhiteElo "2667"]
[BlackElo "2584"]
[WhiteFideId "2801990"]
[BlackFideId "1510045"]
[EventDate "2017.01.14"]

1. e4 c6 2. d4 d5 3. e5 Bf5 4. Nf3 e6 5. Be2 Ne7 6. c3 Nd7 7. O-O c5 8. dxc5
Nxc5 9. Nd4 Bg6 10. Bg5 Qc7 11. f4 Nf5 12. Nxf5 Bxf5 13. g4 h6 14. Bb5+ Nd7 15.
Bxd7+ Qxd7 16. gxf5 hxg5 17. fxg5 exf5 18. Nd2 Bc5+ 19. Kh1 Be3 20. Nf3 f4 21.
Qe2 O-O-O 22. Rad1 Rh3 23. Rd3 Rdh8 24. Rxe3 fxe3 25. Qxe3 Qf5 26. Rf2 Qe4 27.
Qxe4 dxe4 28. Nd4 e3 29. Re2 Kd7 30. Kg1 R8h4 31. Rg2 g6 0-1

[Event "79th Tata Steel GpB"]
[Site "Wijk aan Zee NED"]
[Date "2017.01.20"]
[Round "6.3"]
[White "Dobrov, Vladimir"]
[Black "L'Ami, Erwin"]
[Result "1/2-1/2"]
[WhiteTitle "GM"]
[BlackTitle "GM"]
[WhiteElo "2499"]
[BlackElo "2605"]
[WhiteFideId "4136594"]
[BlackFideId "1007998"]
[EventDate "2017.01.14"]

1. d4 f5 2. e4 fxe4 3. Nc3 Nf6 4. Bg5 Nc6 5. d5 Ne5 6. Qe2 Nf7 7. Bxf6 exf6 8.
Nxe4 Qe7 9. d6 Nxd6 10. Nxd6+ cxd6 11. O-O-O Qxe2 12. Bxe2 Rb8 13. Nf3 a6 14. h4
b5 15. h5 Bb7 16. Nh4 Kd8 17. Rh3 Kc7 18. Bf3 Bc6 19. Nf5 Re8 20. g4 Re5 21. Bh1
Bxh1 22. Rdxh1 d5 23. Rc3+ Kb7 24. Rd3 Kc6 25. a3 Bc5 26. f3 Rg8 27. Rc3 Kb6 28.
b4 Bf2 29. Rf1 d4 30. Rd3 Be3+ 31. Kb2 d5 32. Rfd1 g6 33. hxg6 hxg6 34. Nxd4 Rd8
35. Rh1 Bxd4+ 36. Rxd4 Re2 37. Rhd1 Rf2 38. Rf4 Rd6 39. Kc1 Kc6 40. Rd2 Rf1+ 41.
Rd1 Rxd1+ 42. Kxd1 Re6 43. Kd2 Kd6 44. Rd4 Ke5 45. c3 g5 46. Ke2 Rc6 47. Rd3 Rc7
48. Re3+ Kd6 49. Kd3 Rc8 50. Re1 Rh8 51. a4 Rh3 52. axb5 axb5 53. Re3 Rg3 54.
Kd2 Rh3 1/2-1/2

[Event "79th Tata Steel GpB"]
[Site "Wijk aan Zee NED"]
[Date "2017.01.20"]
[Round "6.5"]
[White "Lu, Shanglei"]
[Black "Van Foreest, Jorden"]
[Result "1-0"]
[WhiteTitle "GM"]
[BlackTitle "GM"]
[WhiteElo "2612"]
[BlackElo "2612"]
[WhiteFideId "8603332"]
[BlackFideId "1039784"]
[EventDate "2017.01.14"]

1. e4 c5 2. Nf3 e6 3. g3 Nf6 4. Nc3 d5 5. exd5 exd5 6. d4 Bg4 7. Be2 Nc6 8. O-O
c4 9. Nh4 Be6 10. Bf3 h6 11. Bg2 Be7 12. f4 O-O 13. f5 Bc8 14. Kh1 b6 15. Bf4
Bb7 16. Be5 Re8 17. Qf3 Nd7 18. Bxg7 Kxg7 19. f6+ Nxf6 20. Nf5+ Kh7 21. Nxe7
Qxe7 22. Qxf6 Qxf6 23. Rxf6 Kg7 24. Raf1 Nd8 25. R6f2 Re7 26. Nxd5 Bxd5 27. Bxd5
Rc8 28. c3 Rcc7 29. Kg2 Ne6 30. a4 Ng5 31. h4 Nh7 32. Rf4 h5 33. Kh3 f6 34. Bf3
Ng5+ 35. hxg5 fxg5 36. d5 Re3 37. d6 Rd7 38. Rxc4 Rxf3 39. Rxf3 g4+ 40. Kh2 gxf3
41. Rc7 Rf7 42. d7 1-0

[Event "79th Tata Steel GpB"]
[Site "Wijk aan Zee NED"]
[Date "2017.01.20"]
[Round "6.6"]
[White "Grandelius, Nils"]
[Black "Lei, Tingjie"]
[Result "1-0"]
[WhiteTitle "GM"]
[BlackTitle "WGM"]
[WhiteElo "2642"]
[BlackElo "2467"]
[WhiteFideId "1710400"]
[BlackFideId "8605114"]
[EventDate "2017.01.14"]

1. e4 c6 2. d4 d5 3. Nc3 dxe4 4. Nxe4 Bf5 5. Ng3 Bg6 6. h4 h6 7. Nf3 e6 8. h5
Bh7 9. Bd3 Bxd3 10. Qxd3 Nf6 11. Bd2 Be7 12. O-O-O O-O 13. Ne4 Nxe4 14. Qxe4 Qd5
15. Qg4 Kh8 16. Kb1 Nd7 17. Qf4 Nf6 18. Ne5 Rad8 19. Bc1 Qe4 20. Qxe4 Nxe4 21.
Be3 Kg8 22. g4 Rfe8 23. f3 Nd6 24. Rd3 f6 25. Ng6 Kf7 26. Re1 Nc4 27. Bc1 Bd6
28. b3 Nb6 29. c4 Nd7 30. f4 Nf8 31. Nh4 Bc7 32. g5 hxg5 33. fxg5 fxg5 34. Bxg5
Rd7 35. Kc2 Bd8 36. Bxd8 Rexd8 37. Nf3 Kg8 38. Rde3 Rf7 39. Rg1 Rf6 40. Kc3 Kh7
41. Ne5 Re8 42. Kb4 Rf5 43. Reg3 Re7 44. h6 gxh6 45. Kc5 Rd7 46. Rg8 Rdf7 47.
Kd6 Rxe5 48. Kxe5 h5 49. b4 a6 50. a4 Rf5+ 51. Kd6 Rf7 52. a5 Rd7+ 53. Kc5 Rf7
54. Kb6 Nd7+ 55. Ka7 Nf8 56. Ka8 Nd7 57. R8g5 Nf6 58. Re5 Re7 59. Rge1 Kg6 60.
Rxe6 Rd7 61. Rf1 Rf7 62. d5 cxd5 63. cxd5 1-0

[Event "79th Tata Steel GpB"]
[Site "Wijk aan Zee NED"]
[Date "2017.01.21"]
[Round "7.2"]
[White "Bok, Benjamin"]
[Black "Smirin, Ilia"]
[Result "0-1"]
[WhiteTitle "GM"]
[BlackTitle "GM"]
[WhiteElo "2608"]
[BlackElo "2667"]
[WhiteFideId "1017063"]
[BlackFideId "2801990"]
[EventDate "2017.01.14"]

1. e4 g6 2. d4 Bg7 3. Nf3 d6 4. Be3 Nf6 5. Nc3 a6 6. Qd2 O-O 7. Bd3 Nc6 8. h3 e5
9. d5 Ne7 10. O-O-O b5 11. Bh6 b4 12. Bxg7 Kxg7 13. Ne2 c6 14. dxc6 Nxc6 15. Bc4
Qb6 16. Ng3 Na5 17. Bb3 Nxb3+ 18. axb3 Re8 19. Rhf1 a5 20. Nh4 d5 21. f4 Nxe4
22. Nxe4 dxe4 23. f5 e3 24. Qd5 Ra7 25. f6+ Kg8 26. Qd6 Qxd6 27. Rxd6 Ra6 28.
Rd5 a4 29. Re1 axb3 30. Rxe3 Be6 31. Rexe5 Rc8 32. Rc5 Rd8 33. Ra5 Rad6 34. Re1
Rc6 35. c3 bxc3 36. bxc3 Rxc3+ 37. Kb1 Rb8 38. Re2 Bc4 0-1